| 000 | 00000nam 2200000za 4500 |
| 001 | 9.864266 |
| 003 | CaOODSP |
| 005 | 20221107161509 |
| 007 | cr ||||||||||| |
| 008 | 181106s1979 onc #o f|0| 0 eng d |
| 020 | |z0660005670 |
| 040 | |aCaOODSP|beng |
| 043 | |an-cn--- |
| 086 | 1 |aR61-2/1-21E-PDF|zR61-2/1-21 |
| 100 | 1 |aGoldring, Philip. |
| 245 | 14|aThe first contingent |h[electronic resource] : |bthe North-West Mounted Police, 1873-74 / |cby Philip Goldring. |
| 246 | 15|aWhisky, horses and death : |bthe Cypress Hills Massacre and its sequel |
| 246 | 15|aDawson Daily News : |bjournalism in the Klondike |
| 260 | |aOttawa : |bParks Canada, |c1979. |
| 300 | |a131 p. : |bill. |
| 490 | 1 |aCanadian historic sites: occasional papers in archaeology and history ; |vno. 21 |
| 500 | |aIssued also in French under title: La Police à cheval du Nord-Ouest : premier contingent, 1873-1874. |
| 500 | |aOn added title pages: Whisky, Horses and Death: the Cypress Hills Massacre and its sequel by Philip Goldring; The Dawson Daily News: journalism in the Klondike by Edward F. Bush. |
| 500 | |aDigitized edition from print [by the History of Parks Canada Electronic Library]. |
| 504 | |aIncludes bibliographic references. |
| 520 | |a"The North-West Mounted Police force was created in 1873 to provide a buffer between the native population of the plains and the incoming settlers from Ontario and elsewhere. Its earliest efforts were to be directed against American-based whisky traders, whose operations in Canada's remote unsettled lands were threatening the welfare of the natives and mocking the Dominion's sovereignty over lands it could not police. The first administrative headquarters of the North-West Mounted Police was Lower Fort Garry, a Hudson's Bay Company post of declin-ing commercial importance in Manitoba. There the first contingent of 150 men received basic training and the weaknesses caused by hasty recruitment of inexperienced men were ironed out over the winter of 1873-74. At Lower Fort Garry plans were made to outfit the force for its long march to the foothills of the Rockies. In June 1874 the first contingent moved south to join at Fort Dufferin, Manitoba, the second contingent, which had been trained in Toronto"--Abstract, p. 7. |
| 692 | 07|2gccst|aCanadian history |
| 700 | 1 |aBush, Edward F. |
| 710 | 2 |aParks Canada. |
| 775 | 08|tLa Police à cheval du Nord-Ouest |w(CaOODSP)9.864280 |
| 830 | #0|aCanadian historic sites. Occasional papers in archaeology and history ;|vno. 21.|w(CaOODSP)9.842684 |
| 856 | 40|qPDF|s68.95 MB|uhttps://publications.gc.ca/collections/collection_2018/pc/R61-2-1-21-eng.pdf |